[Event "Ambelokipi op 140th"]
[Site "Athens"]
[Date "2013.11.16"]
[Round "2"]
[White "Loupos, Vasilios"]
[Black "Flouri, Maria"]
[Result "1-0"]
[WhiteElo "2005"]
[BlackElo "1248"]
[PlyCount "57"]
[EventDate "2013.11.11"]
[EventType "swiss"]
[EventRounds "7"]
[EventCountry "GRE"]
[SourceTitle "EXT 2024"]
[Source "ChessBase"]
[SourceDate "2023.10.10"]
[SourceVersion "1"]
[SourceVersionDate "2023.10.10"]
[SourceQuality "1"]

1. d4 d5 2. c4 e6 3. cxd5 exd5 4. Nc3 Nf6 5. Bg5 Be7 6. e3 0-0 7. Bd3 h6 8. Bf4 a6 9. Nf3 b6 10. Ne5 Bb7 11. 0-0 Nbd7 12. Rc1 c5 13. Qe2 Ne4 14. f3 Ng5 15. Bxg5 Bxg5 16. f4 Be7 17. Bf5 Nf6 18. Rfd1 c4 19. a3 b5 20. Kh1 Qb6 21. g4 Qd6 22. Qg2 Nh7 23. Rg1 b4 24. axb4 Qxb4 25. g5 Qd6 26. Qh3 Kh8 27. g6 Nf6 28. gxf7 Bc8 29. Ng6+ 1-0